| 000 | 01219cam a2200349 a 4500 | ||
|---|---|---|---|
| 001 | 4021 | ||
| 003 | FISKH | ||
| 005 | 20240531102340.0 | ||
| 008 | 111117r20122008ctua b 000 1 eng | ||
| 010 | _a 2011038213 | ||
| 020 | _a9781589254343 (pbk.) | ||
| 040 |
_aDLC _cDLC _dDLC _beng |
||
| 042 |
_alcac _apcc |
||
| 050 | 0 | 0 |
_aPZ7.H66477 _bBor 2012 |
| 082 | 0 | 0 | _2823.92 |
| 100 | 1 | _aHodgkinson, Leigh | |
| 245 | 1 | 0 |
_aBoris and the wrong shadow / _cby Leigh Hodgkinson. |
| 250 | _aPaperback Edition | ||
| 260 |
_aWilton, CT : _bTiger Tales, _c2012. |
||
| 300 |
_a32 unnumbered pages : _bcolor illustrations ; _c25 x 28 cm. |
||
| 505 | _aM | ||
| 520 | _aBoris the cat wakes from a nap to find that he has a shadow the size and shape of a mouse, which does not seem to be a problem until other animals begin to treat him differently. | ||
| 521 | 8 |
_a660
_bLexile AD |
|
| 521 | 8 |
_aM
_bRaz-Plus |
|
| 650 | 1 |
_aShadows _vFiction. |
|
| 650 | 1 |
_aCats _vFiction. |
|
| 650 | 1 |
_aMice _vFiction. |
|
| 650 | 1 | _aHumorous stories. | |
| 906 |
_a7 _bcbc _corignew _d1 _eecip _f20 _gy-gencatlg |
||
| 942 |
_2ddc _cBK _n0 |
||
| 999 |
_c4021 _d4021 |
||